| 000 | 01939cam a22004454i 4500 | ||
|---|---|---|---|
| 003 | PE-LiUPU | ||
| 005 | 20250731165429.0 | ||
| 008 | 160215s2010 pe a grm 000 0 spa d | ||
| 035 | _a(Sirsi) a156135 | ||
| 040 |
_aPE-LiUPU _bspa _cPE-LiUPU _erda |
||
| 099 |
_aTE 2 _bG25 2010 |
||
| 100 | 1 |
_aGarcía Villalta, Isaac Leonardo _eautor |
|
| 245 | 1 | _aDeterminación de la efectividad del método Dalcroze en el desarrollo rítmico de los niños de 4 años del Centro de Bienestar Emocional de Villa el Salvador. | |
| 264 | 0 | _c2010 | |
| 300 |
_a99 hojas _c30 cm |
||
| 336 |
_atext _2rdacontent |
||
| 337 |
_aunmediated _2rdamedia |
||
| 338 |
_avolume _2rdacarrier |
||
| 502 |
_aTesis _b(Lic.) -- _cUniversidad Peruana Unión, _d2011. |
||
| 504 | _aIncluye referencias | ||
| 520 | 3 | _aLa presente investigación de tipo mixto cuantitativo y cualitativo experimental que toma pre-experimentos, se llevo a cabo en el Centro de Bienestar Emocional CEBIE de Villa el Salvador, en el periodo noviembre 2009 y enero 2010, con el propósito de determinar la efectividad del método Dalcroze en el desarrollo rítmico del niño de 4 años. La muestra esta constituida por 10 alumnos del Centro de Bienestar Emocional CEBIE de Villa el Salvador, para la obtención de la información se aplicó una guía de Observación antes de la aplicación del Método Dalcroze y después este. | |
| 526 | _aSEG44 | ||
| 526 | _aSEG26 | ||
| 526 | _aP151 | ||
| 526 | _aP150 | ||
| 526 | _aP149 | ||
| 526 | _aP146 | ||
| 526 | _aP145 | ||
| 526 | _aP126 | ||
| 526 | _aP125 | ||
| 526 | _aP92 | ||
| 526 | _aP75 | ||
| 526 | _aP74 | ||
| 526 | _aP27 | ||
| 526 | _aP15 | ||
| 650 | 0 | 4 |
_aMétodo Dalcroze _xMúsica _xVilla El Salvador. |
| 596 | _a1 | ||
| 942 |
_2ddc _cTESIS |
||
| 999 |
_aTE 2 G25 2010 _wALPHANUM _c8817 _iT01158 _lCCODEBUL3 _mBUL _r1 _sY _tTESIS _u2016-2-15 _xEDUCACION _zUNKNOWN _o.STAFF. Tesis _d8817 |
||
| 980 |
_81 _gALBERTO SANCHEZ Responsable de Automatización |
||